Football - Statistiques

Statistiques générales
  • Ce quiz a été pris 226 fois
  • Le résultat moyen est 8 sur 15
Statistiques - réponses
Hint Réponse % Correct
appelé "el pistolero" suarez
88%
Totti est resté fidèle à ce club AS roma
80%
qui a gagné le ballon d'or en 2006 cannavaro
79%
quelle équipe s'est inclinée en finale de ligue des champions 2015 juventus
72%
surnom des gunners durant la saison 2003-2004 les invincibles
67%
centre de formation du barca la masia
61%
président actuel du real de madrid Florentino Pérez
58%
joueur uruguayen co meilleur buteur de la coupe du monde 2010 Diego Forlan
56%
entraineur de l Allemagne en 2014 Joachim Löw
53%
gardien de liverpool lors de la finale de la ligue des champions 2018 Karius
52%
joueur asiatique à Manchester united sous sir Alex Fergusson Park Ji-sung
45%
Messi a marqué un quintuplé en ligue des champions contre cette équipe Bayer leverkusen
39%
connu comme le meilleur arbitre de l'histoire Pierluigi Collina
31%
prix puskas 2014 James Rodríguez
28%
date de création de manchester city 1880
8%
Aucun quiz correspondant
Distribution des résultats
% des personnes avec chaque résultat
Percentile par nombre de réponses
Votre historique - résultats
Vous n’avez pas pris ce quiz